[Event "Mondiale Lampo FIDE 2022"]
[Site "Alma Ata"]
[Date "30.12.2022"]
[Round "14.85"]
[White "Postlmayer, Jakob"]
[Black "Akhilbay, Imangali"]
[Result "1-0"]
[WhiteTitle ""]
[WhiteElo "2314"]
[BlackElo "2140"]
[WhiteFideId "1643622"]
[BlackFideId "13734857"]
[EventDate "29.12.2022"]

1. e4 c5 2. Nf3 Nc6 3. Bb5 d6 4. O-O Bd7 5. Re1 Nf6 6. c3 a6 7. Bf1 Bg4 8. h3
Bxf3 9. Qxf3 e6 10. d3 Be7 11. Nd2 O-O 12. Qe2 b5 13. g3 Rb8 14. a3 a5 15. Bg2
b4 16. axb4 axb4 17. Kh2 Re8 18. f4 Nd7 19. Nc4 Nb6 20. Nxb6 Rxb6 21. Be3 bxc3
22. bxc3 Qb8 23. Ra2 Bf6 24. Qd2 Rc8 25. d4 cxd4 26. cxd4 d5 27. exd5 exd5 28.
Bxd5 Rd8 29. Bg2 Qd6 30. d5 Nb4 31. Bxb6 Qxb6 32. Ra4 Na6 33. Rae4 Kf8 34. Qe2
g6 35. Re8+ Rxe8 36. Qxe8+ Kg7 37. Qc6 Qa5 38. Re2 Nb4 39. Qc4 Qb6 40. Rd2 Na6
41. d6 Qe3 42. Qd3 Qe8 43. Qxa6 Qe1 44. Qe2 1-0

[Event "Mondiale Lampo FIDE 2022"]
[Site "Alma Ata"]
[Date "30.12.2022"]
[Round "14.86"]
[White "Everett, Elijah"]
[Black "Nissinen, Niilo Man"]
[Result "1/2-1/2"]
[BlackTitle ""]
[WhiteElo "2202"]
[BlackElo "1996"]
[WhiteFideId "12973696"]
[BlackFideId "30950767"]
[EventDate "29.12.2022"]

1. e4 c6 2. d4 d5 3. Nd2 dxe4 4. Nxe4 Nf6 5. Nxf6+ exf6 6. c3 Bd6 7. Bd3 O-O 8.
Ne2 Re8 9. Qc2 h5 10. O-O Nd7 11. Bf4 Rxe2 12. Qxe2 Bxf4 13. Qe4 Bxh2+ 14. Kxh2
Nf8 15. Bc4 g6 16. Rae1 Ne6 17. f4 f5 18. Qe5 Bd7 19. Kg1 Qh4 20. Re3 Re8 21.
Qd6 Bc8 22. Rh3 Qf6 23. Re1 Rd8 24. Qe5 Qxe5 25. fxe5 b5 26. Bb3 Bb7 27. a4 a6
28. axb5 axb5 29. Ra1 c5 30. Ra7 Be4 31. Bxe6 fxe6 32. dxc5 Rd2 33. Rg3 f4 34.
Rg5 Rxb2 35. c6 Bxc6 36. Rxg6+ Kf8 37. Rh6 Kg8 38. Rg6+ Kf8 39. Rc7 Bd5 40. Rf6+
Kg8 41. Rg6+ Kf8 42. Kf1 Rc2 43. Ke1 b4 44. Rh6 Kg8 45. Rg6+ Kf8 46. Rh6 Kg8 47.
Rg6+ Kf8 1/2-1/2

[Event "Mondiale Lampo FIDE 2022"]
[Site "Alma Ata"]
[Date "30.12.2022"]
[Round "14.87"]
[White "Suleimen, Ergali"]
[Black "Tologon tegin, Semetei"]
[Result "1/2-1/2"]
[BlackTitle ""]
[WhiteElo "2073"]
[BlackElo "2394"]
[WhiteFideId "13724452"]
[BlackFideId "13800574"]
[EventDate "29.12.2022"]

1. e4 e5 2. Nf3 Nc6 3. d4 exd4 4. Nxd4 Qf6 5. Nb3 Qg6 6. f3 Bd6 7. Nc3 Nge7 8.
Be3 Bxh2 9. Qd2 Bg3+ 10. Bf2 a6 11. O-O-O Bxf2 12. Qxf2 d6 13. Bd3 Ne5 14. f4
Nxd3+ 15. Rxd3 Bg4 16. Kb1 Nc6 17. Nd5 O-O-O 18. Nd4 Qxe4 19. Nxc6 bxc6 20. Re1
cxd5 21. Rxe4 dxe4 22. Rc3 Kd7 23. Qa7 Rc8 24. Qb7 Rhe8 25. Qc6+ Kd8 26. Re3 f5
27. c4 g6 28. c5 Re6 29. Qxa6 Kd7 30. c6+ Kd8 31. Qc4 Ke7 32. Qd4 Kf7 33. Qa7 d5
34. Qb7 Ree8 35. Qb3 Red8 36. Re1 Kg7 37. Qb4 d4 38. Qe7+ Kg8 39. Qe6+ Kg7 40.
Qe7+ Kg8 41. Rh1 h5 42. Qe6+ Kg7 43. Qe7+ Kg8 44. Qe6+ Kg7 45. Rc1 d3 46. Qe7+
Kg8 47. Qe6+ Kg7 48. Qe7+ Kg8 49. Qe6+ Kg7 50. Qe7+ Kg8 51. Qe6+ 1/2-1/2

[Event "Mondiale Lampo FIDE 2022"]
[Site "Alma Ata"]
[Date "30.12.2022"]
[Round "15.1"]
[White "Nepomniachtchi, Ian"]
[Black "Carlsen, Magnus"]
[Result "1-0"]
[WhiteTitle ""]
[BlackTitle ""]
[WhiteElo "2793"]
[BlackElo "2859"]
[WhiteFideId "4168119"]
[BlackFideId "1503014"]
[EventDate "29.12.2022"]

1. e4 e5 2. Nf3 Nc6 3. Bb5 Nf6 4. d3 Bc5 5. Bxc6 dxc6 6. Nbd2 Be6 7. Nb3 Bd6 8.
O-O c5 9. Na5 Qc8 10. b3 O-O 11. Nc4 Nd7 12. Ng5 Bxc4 13. bxc4 f6 14. Nf3 f5 15.
exf5 Rxf5 16. Qe2 b6 17. Bb2 Qf8 18. Rae1 Re8 19. Nd2 Re7 20. Ne4 Qf7 21. Bc1
Qg6 22. Qd1 Nf8 23. Ng3 Rff7 24. Re4 Ne6 25. Rg4 Qf6 26. Ne4 Qf5 27. Bg5 Re8 28.
Ng3 Qg6 29. Ne4 Qf5 30. Ng3 Qg6 31. h4 Nxg5 32. Rxg5 Qe6 33. Ne4 Be7 34. Rg4 Rf4
35. Rxf4 exf4 36. h5 h6 37. Qf3 Qe5 38. Qg4 Rf8 39. Re1 Rf5 40. Kf1 Rf8 1-0

[Event "Mondiale Lampo FIDE 2022"]
[Site "Alma Ata"]
[Date "30.12.2022"]
[Round "15.4"]
[White "Harikrishna, Pentala"]
[Black "Giri, Anish"]
[Result "1/2-1/2"]
[WhiteTitle ""]
[BlackTitle ""]
[WhiteElo "2705"]
[BlackElo "2764"]
[WhiteFideId "5007003"]
[BlackFideId "24116068"]
[EventDate "29.12.2022"]

1. Nf3 d5 2. g3 Nf6 3. Bg2 e6 4. O-O Be7 5. c4 O-O 6. d4 dxc4 7. Qc2 a6 8. a4
Bd7 9. Qxc4 Bc6 10. Bg5 Nbd7 11. Nc3 a5 12. Rfe1 Bxf3 13. Bxf3 c6 14. Qb3 Nb6
15. Red1 Nfd5 16. Bd2 Nb4 17. Be1 Qc7 18. Na2 Nxa2 19. Rxa2 Nd5 20. Raa1 Nb4 21.
Rac1 Rfd8 22. e3 g6 23. Kg2 Rd7 24. Bc3 Nd5 25. Be1 Nb4 26. h4 h5 27. Bc3 Nd5
28. Be1 Nb4 29. Bc3 Nd5 1/2-1/2

[Event "Mondiale Lampo FIDE 2022"]
[Site "Alma Ata"]
[Date "30.12.2022"]
[Round "15.5"]
[White "Fedoseev, Vladimir3"]
[Black "Duda, Jan-Krzysztof"]
[Result "1/2-1/2"]
[WhiteTitle ""]
[BlackTitle ""]
[WhiteElo "2688"]
[BlackElo "2729"]
[WhiteFideId "24130737"]
[BlackFideId "1170546"]
[EventDate "29.12.2022"]

1. d4 Nf6 2. c4 e6 3. Nf3 d5 4. e3 Be7 5. Nc3 O-O 6. a3 Nbd7 7. b4 a5 8. b5 dxc4
9. Bxc4 c5 10. bxc6 bxc6 11. O-O c5 12. Rb1 cxd4 13. Qxd4 Ba6 14. Bxa6 Rxa6 15.
Nb5 Nc5 16. Bb2 Qxd4 17. Bxd4 a4 18. Nd2 Nd5 19. Rfc1 Nd3 20. Rd1 Nc5 21. g3
Raa8 22. e4 Nf6 23. f3 Rfb8 24. Kf2 Nb3 25. Nxb3 Rxb5 26. Nd2 Rxb1 27. Nxb1 Ne8
28. Ke2 f6 29. Rc1 e5 30. Bc5 Rc8 31. Be3 Rb8 32. Nc3 Bxa3 33. Rc2 Rc8 34. Kd3
Rd8+ 35. Ke2 Rc8 36. Kd3 Rd8+ 1/2-1/2

[Event "Mondiale Lampo FIDE 2022"]
[Site "Alma Ata"]
[Date "30.12.2022"]
[Round "15.6"]
[White "Rapport, Richard"]
[Black "Dardha, Daniel"]
[Result "1/2-1/2"]
[WhiteTitle ""]
[BlackTitle ""]
[WhiteElo "2740"]
[BlackElo "2606"]
[WhiteFideId "738590"]
[BlackFideId "240990"]
[EventDate "29.12.2022"]

1. e4 e5 2. Bc4 Nf6 3. d3 c6 4. Nf3 d5 5. Bb3 a5 6. a4 Bb4+ 7. c3 Bd6 8. exd5
cxd5 9. Bg5 Be6 10. Na3 Nc6 11. Nb5 Bb8 12. Qe2 O-O 13. O-O-O Re8 14. Rhe1 h6
15. Bh4 d4 16. Bc2 dxc3 17. bxc3 Na7 18. d4 Nxb5 19. Qxb5 Qd7 20. dxe5 Qxb5 21.
axb5 Nd5 22. Rd3 Nf4 23. Rd4 Nxg2 24. Red1 Ba7 25. Bg3 Bxd4 26. Nxd4 Bd5 27. c4
Bxc4 28. Be4 Rac8 29. Kb2 Nh4 30. Bxb7 Rb8 31. Bc6 Ng6 32. Bxe8 Rxe8 33. Rc1 Bd5
34. Rc5 Ne7 35. Ka3 Rd8 36. b6 Be4 37. Nb5 Rb8 38. Nc3 Bc6 39. e6 Rxb6 40. Bd6
Nc8 41. Nd5 Ra6 42. Nc7 Rb6 43. Nd5 Ra6 44. Nc7 Rb6 45. Nd5 1/2-1/2

[Event "Mondiale Lampo FIDE 2022"]
[Site "Alma Ata"]
[Date "30.12.2022"]
[Round "15.7"]
[White "Yu, Yangyi"]
[Black "Le, Tuan Minh"]
[Result "1-0"]
[WhiteTitle ""]
[BlackTitle ""]
[WhiteElo "2728"]
[BlackElo "2542"]
[WhiteFideId "8603820"]
[BlackFideId "12401153"]
[EventDate "29.12.2022"]

1. c4 c6 2. Nf3 d5 3. g3 g6 4. Qa4 dxc4 5. Qxc4 Bg7 6. Bg2 Nf6 7. d4 O-O 8. O-O
Bg4 9. h3 Bxf3 10. Bxf3 Nbd7 11. Qb3 Qb6 12. Nc3 Rfd8 13. Rd1 e5 14. Be3 exd4
15. Bxd4 Qxb3 16. axb3 a6 17. Kg2 Ne8 18. Be3 Ne5 19. Bb6 Rd6 20. Na4 Nd7 21.
Be3 Rd8 22. Bf4 Ne5 23. Rxd6 Nxd6 24. Rd1 f6 25. Nc5 Kf7 26. h4 h5 27. e4 Ke7
28. Be2 a5 29. Be3 Bf8 30. f4 Ng4 31. Bxg4 hxg4 32. e5 fxe5 33. fxe5 Nf7 34.
Rxd8 Kxd8 35. Nxb7+ Kd7 36. Bd4 Bb4 37. Kf2 Ke6 38. Bc3 Nxe5 39. Ke3 Kd5 40.
Nxa5 Bc5+ 41. Kf4 Bd6 42. Kg5 Be7+ 43. Kf4 Bd6 44. Bxe5 Bxe5+ 45. Kxg4 Bxb2 46.
Kg5 Be5 47. g4 Bg3 48. Nc4 Kc5 49. Nd2 Kb4 50. Nf3 c5 51. Kxg6 Kxb3 52. h5 c4
53. h6 c3 54. h7 Be5 55. Nxe5 c2 56. Nd3 Kc3 57. h8=Q+ 1-0

[Event "Mondiale Lampo FIDE 2022"]
[Site "Alma Ata"]
[Date "30.12.2022"]
[Round "15.8"]
[White "Grischuk, Alexander"]
[Black "Shimanov, Aleksandr"]
[Result "1-0"]
[WhiteTitle ""]
[BlackTitle ""]
[WhiteElo "2745"]
[BlackElo "2581"]
[WhiteFideId "4126025"]
[BlackFideId "4198603"]
[EventDate "29.12.2022"]

1. e4 c6 2. d4 d5 3. e5 Bf5 4. Nf3 e6 5. Be2 Ne7 6. c3 Nd7 7. O-O h6 8. Nbd2 a6
9. b4 a5 10. Nb3 axb4 11. cxb4 Nc8 12. Bd2 Ncb6 13. Na5 Ra7 14. Rc1 Be7 15. Qb3
O-O 16. Ne1 Nc4 17. Nxc4 dxc4 18. Bxc4 Nb6 19. Bd3 Qd5 20. Bxf5 exf5 21. Qb1
Qxa2 22. Nf3 Qxb1 23. Rxb1 Rd8 24. Rfc1 Rd5 25. h4 Ra2 26. b5 cxb5 27. Rc7 Bd8
28. Rxb7 Nc4 29. Be1 Na3 30. Rb3 Ra1 31. Ra7 Nc2 32. Rxa1 Nxa1 33. Rb2 Be7 34.
Bc3 b4 35. Bxb4 Rb5 36. Bc3 Rxb2 37. Bxb2 Nb3 38. d5 g5 39. hxg5 hxg5 40. Kf1
Kh7 41. Ke2 Kg6 42. Kd3 Nc5+ 43. Kc4 Ne4 44. Bd4 f4 45. d6 Bd8 46. Kd5 Kf5 47.
Ne1 g4 48. Nc2 Ng5 49. Bb2 Ne6 50. f3 gxf3 51. gxf3 Kg5 52. Nd4 Nxd4 53. Bxd4
Kf5 54. Ba7 1-0

[Event "Mondiale Lampo FIDE 2022"]
[Site "Alma Ata"]
[Date "30.12.2022"]
[Round "15.9"]
[White "Andreikin, Dmitry"]
[Black "Yoo, Christopher Woojin"]
[Result "1-0"]
[WhiteTitle ""]
[BlackTitle ""]
[WhiteElo "2729"]
[BlackElo "2575"]
[WhiteFideId "4158814"]
[BlackFideId "30909694"]
[EventDate "29.12.2022"]

1. Nf3 Nf6 2. c4 b6 3. d4 e6 4. a3 Bb7 5. Nc3 d5 6. cxd5 Nxd5 7. e3 Nd7 8. Bb5
Bd6 9. O-O Nxc3 10. bxc3 O-O 11. Re1 Nf6 12. Bd3 Ne4 13. Qc2 f5 14. c4 Rf6 15.
d5 exd5 16. cxd5 Bxd5 17. Bc4 c6 18. Bb2 Rh6 19. Bxd5+ cxd5 20. g3 Qe8 21. Qb3
Qf7 22. Red1 d4 23. Qxf7+ Kxf7 24. Nxd4 Be5 25. Rac1 Nc5 26. Rc2 Rd6 27. Rdc1
Rd5 28. Bc3 Ne4 29. Ba1 Nc5 30. Rc4 g6 31. a4 Rc8 32. a5 Bf6 33. Bb2 Rb8 34. Ba3
Bxd4 35. Rxd4 Rbd8 36. Bxc5 bxc5 37. Rxc5 Rxc5 38. Rxd8 Rxa5 39. Rd7+ Kg8 40. h4
Ra2 41. Kg2 a5 42. Ra7 a4 43. h5 gxh5 44. Ra5 h4 45. gxh4 f4 46. e4 a3 47. Kf3
Kg7 48. Ra6 Kf7 49. h5 Kg7 50. h6+ Kf7 51. e5 Ra1 52. Kxf4 Rh1 53. Rxa3 1-0

[Event "Mondiale Lampo FIDE 2022"]
[Site "Alma Ata"]
[Date "30.12.2022"]
[Round "15.10"]
[White "Mamedyarov, Shakhriyar"]
[Black "Anton Guijarro, David"]
[Result "0-1"]
[WhiteTitle ""]
[BlackTitle ""]
[WhiteElo "2740"]
[BlackElo "2675"]
[WhiteFideId "13401319"]
[BlackFideId "2285525"]
[EventDate "29.12.2022"]

1. d4 Nf6 2. c4 e6 3. Nc3 Bb4 4. g3 O-O 5. Bg2 d5 6. Nf3 dxc4 7. O-O c5 8. dxc5
Bxc5 9. Qa4 Qe7 10. Qxc4 Nc6 11. Bg5 h6 12. Bxf6 gxf6 13. Rfd1 f5 14. e4 f4 15.
gxf4 Bb6 16. e5 f5 17. Na4 Kh8 18. Nxb6 axb6 19. Nd4 Rg8 20. Rd3 Bd7 21. Kh1
Nxd4 22. Qxd4 Bc6 23. Bxc6 bxc6 24. Qd6 Qe8 25. Rg3 Rg4 26. Rd1 Ra7 27. a3 Rxf4
28. f3 Rh4 29. Rdg1 Kh7 30. h3 Rh5 31. f4 Rh4 32. Qd4 0-1

[Event "Mondiale Lampo FIDE 2022"]
[Site "Alma Ata"]
[Date "30.12.2022"]
[Round "15.11"]
[White "Matlakov, Maxim"]
[Black "Lazavik, Denis"]
[Result "1/2-1/2"]
[WhiteTitle ""]
[BlackTitle ""]
[WhiteElo "2662"]
[BlackElo "2537"]
[WhiteFideId "4168003"]
[BlackFideId "13515110"]
[EventDate "29.12.2022"]

1. d4 Nf6 2. c4 e6 3. Nc3 Bb4 4. e3 O-O 5. a3 Bxc3+ 6. bxc3 c5 7. Bd3 Nc6 8. Nf3
d6 9. e4 e5 10. h3 h6 11. O-O b6 12. Re1 Re8 13. a4 Qc7 14. d5 Ne7 15. Nh4 Ng6
16. Nxg6 fxg6 17. a5 Bd7 18. axb6 axb6 19. Be3 g5 20. Qb3 Ra5 21. Rab1 Ra6 22.
Ra1 Rea8 23. Rxa6 Rxa6 24. Rb1 Qa7 25. Qb2 Be8 26. Qb3 Bg6 27. f3 Be8 28. Bf1
Nd7 29. Bf2 Ra1 30. Qb2 Rxb1 31. Qxb1 Qa5 32. Qb2 Nf6 33. Be3 Nh5 34. Kh2 Nf4
35. g3 Ng6 36. Kg2 Bd7 37. Kh2 Be8 1/2-1/2

[Event "Mondiale Lampo FIDE 2022"]
[Site "Alma Ata"]
[Date "30.12.2022"]
[Round "15.13"]
[White "Madaminov, Mukhiddin"]
[Black "Indjic, Aleksandar"]
[Result "1/2-1/2"]
[WhiteTitle ""]
[BlackTitle ""]
[WhiteElo "2438"]
[BlackElo "2636"]
[WhiteFideId "14210703"]
[BlackFideId "911925"]
[EventDate "29.12.2022"]

1. d4 d6 2. e4 Nf6 3. Nc3 g6 4. f4 Bg7 5. Bd3 O-O 6. Nf3 c5 7. dxc5 dxc5 8. e5
Nd5 9. Nxd5 Qxd5 10. Qe2 Nc6 11. Be4 Qd8 12. c3 Qc7 13. O-O b6 14. Be3 Bb7 15.
Bf2 Na5 16. Rfd1 Bxe4 17. Qxe4 Qc6 18. Qxc6 Nxc6 19. Rd7 Rfd8 20. Rad1 Kf8 21.
Kf1 Ke8 22. Rxd8+ Nxd8 23. Ke2 Ne6 24. Be3 f6 25. exf6 exf6 26. f5 gxf5 27. Nh4
f4 28. Bc1 Bh6 29. Kf3 Ng5+ 30. Kg4 Nf7 31. Bxf4 Bxf4 32. Kxf4 Ne5 33. Nf5 c4
34. Ke4 Kf7 35. h3 h5 36. Rd5 Kg6 37. Nh4+ Kf7 38. Nf3 Nd3 39. Rxh5 Nxb2 40. Kf5
Rg8 41. Rh7+ Rg7 42. Rxg7+ Kxg7 43. Ke4 b5 44. Nd4 a6 45. Ne6+ Kg6 46. Nc7 f5+
47. Kd4 Kg5 48. g3 Nd3 49. Nxa6 Nc1 50. Ke3 Nxa2 51. Kd2 f4 52. gxf4+ Kxf4 53.
Nc5 Kg3 54. Ne4+ Kxh3 55. Nd6 1/2-1/2

[Event "Mondiale Lampo FIDE 2022"]
[Site "Alma Ata"]
[Date "30.12.2022"]
[Round "15.14"]
[White "Paravyan, David"]
[Black "Moussard, Jules"]
[Result "0-1"]
[WhiteTitle ""]
[BlackTitle ""]
[WhiteElo "2586"]
[BlackElo "2684"]
[WhiteFideId "4194985"]
[BlackFideId "642908"]
[EventDate "29.12.2022"]

1. e4 c5 2. Nf3 d6 3. d4 cxd4 4. Nxd4 Nf6 5. Nc3 a6 6. Bg5 Nbd7 7. a3 Qa5 8. Qd2
e6 9. Nb3 Qc7 10. f3 h6 11. Be3 h5 12. Be2 Be7 13. O-O-O b5 14. Kb1 Rb8 15. h4
Ne5 16. Bg5 Bd7 17. Qe1 a5 18. Nd4 Nc4 19. Bxc4 Qxc4 20. Qe2 Qxe2 21. Ncxe2 b4
22. axb4 axb4 23. Nb3 e5 24. Ng3 Be6 25. Nf5 Bxf5 26. exf5 Nd7 27. Na5 Rc8 28.
Rd2 Nb6 29. Be3 Nc4 30. Nxc4 Rxc4 31. b3 Rc8 32. Rd5 Kd7 33. Rhd1 Rc6 34. Rxe5
Ra8 35. Rb5 Bxh4 36. Kc1 Ra2 37. Rb7+ Kc8 0-1

[Event "Mondiale Lampo FIDE 2022"]
[Site "Alma Ata"]
[Date "30.12.2022"]
[Round "15.15"]
[White "Tari, Aryan"]
[Black "Caruana, Fabiano"]
[Result "0-1"]
[WhiteTitle ""]
[BlackTitle ""]
[WhiteElo "2659"]
[BlackElo "2766"]
[WhiteFideId "1510045"]
[BlackFideId "2020009"]
[EventDate "29.12.2022"]

1. e4 e5 2. Nf3 Nc6 3. d4 exd4 4. Nxd4 Nf6 5. Nxc6 bxc6 6. Nd2 Bc5 7. Nb3 Qe7 8.
Nxc5 Qxc5 9. Bd3 d6 10. O-O O-O 11. h3 Re8 12. Qf3 a5 13. c3 Ba6 14. Be3 Qh5 15.
Qxh5 Nxh5 16. Bxa6 Rxa6 17. f3 Nf6 18. Bd4 Nd7 19. Rad1 c5 20. Be3 a4 21. Rf2 f6
22. g4 Ne5 23. Bc1 Rb6 24. Kg2 Kf7 25. Kg3 Nc4 26. Re1 Reb8 27. Ree2 Ne5 28. Rd2
c4 29. Rd4 c5 30. Rd5 Nd3 31. Rc2 Ke6 32. Bf4 Nxf4 33. Kxf4 Rxb2 34. Rc1 Rxa2
35. Rcd1 Rb6 36. g5 a3 37. gxf6 gxf6 38. Rh5 Rb7 39. Rhd5 Rd7 40. Rg1 Rc2 41.
Rg8 Rxc3 42. Re8+ Kf7 43. Ra8 Kg7 44. Ra6 Rd3 45. Rh5 c3 46. Rxa3 c2 0-1

[Event "Mondiale Lampo FIDE 2022"]
[Site "Alma Ata"]
[Date "30.12.2022"]
[Round "15.17"]
[White "Quparadze, Giga"]
[Black "Sarana, Alexey"]
[Result "0-1"]
[WhiteTitle ""]
[BlackTitle ""]
[WhiteElo "2470"]
[BlackElo "2668"]
[WhiteFideId "13602250"]
[BlackFideId "24133795"]
[EventDate "29.12.2022"]

1. e4 c5 2. Nf3 d6 3. d4 Nf6 4. Nc3 cxd4 5. Nxd4 a6 6. g3 e5 7. Nde2 Be7 8. Bg2
b5 9. a4 b4 10. Nd5 Nxd5 11. Qxd5 Ra7 12. Be3 Be6 13. Qd2 Rb7 14. O-O O-O 15.
Qd3 Qa5 16. b3 Nd7 17. f4 Nc5 18. Qd1 f6 19. Kh1 Rd8 20. Nc1 Rbd7 21. Nd3 d5 22.
Bxc5 Bxc5 23. fxe5 dxe4 24. Bxe4 Bd4 25. Rb1 Bxe5 26. Qe2 Bf7 27. Bg2 Bc3 28.
Rbd1 Re8 29. Qg4 Rde7 30. Nf4 Qg5 31. Qf3 a5 32. Qc6 Be5 33. Rd7 Bxf4 34. Rxe7
Rxe7 35. gxf4 Qf5 36. c3 bxc3 37. Qxc3 h5 38. b4 axb4 39. Qxb4 Re2 40. Qb8+ Kh7
41. Qb1 Rc2 42. Rf2 Bb3 43. Rxc2 Bxc2 44. Qb5 Qg4 45. a5 h4 46. Qf1 h3 47. Bf3
Qf5 48. Qf2 Be4 49. Qh4+ Kg8 50. Kg1 Bxf3 51. Qg3 Qg4 52. Kf2 Qxg3+ 53. Kxg3 Bg2
54. f5 Kf7 55. a6 Ke7 56. a7 Kd6 0-1

[Event "Mondiale Lampo FIDE 2022"]
[Site "Alma Ata"]
[Date "30.12.2022"]
[Round "15.18"]
[White "Shankland, Sam"]
[Black "Nihal, Sarin"]
[Result "1/2-1/2"]
[WhiteTitle ""]
[BlackTitle ""]
[WhiteElo "2710"]
[BlackElo "2670"]
[WhiteFideId "2004887"]
[BlackFideId "25092340"]
[EventDate "29.12.2022"]

1. d4 d5 2. c4 e6 3. Nc3 h6 4. Nf3 Nf6 5. g3 Nc6 6. Bg2 Bd6 7. O-O O-O 8. a3
dxc4 9. Qa4 e5 10. dxe5 Nxe5 11. Nxe5 Bxe5 12. Rd1 Qe7 13. Qxc4 c6 14. Be3 Re8
15. Bd4 Be6 16. Qa4 Bc7 17. Rd2 a5 18. Rad1 Nd7 19. Qc2 Bb6 20. Bxb6 Nxb6 21.
Ne4 Bf5 22. Rd4 Nd5 23. e3 Bg6 24. Qc5 Bxe4 25. Qxe7 Rxe7 26. Bxe4 Nf6 27. Bf3
g6 28. g4 Kg7 29. Kg2 Ra6 30. R1d2 Rb6 31. b4 axb4 32. Rxb4 Rxb4 33. axb4 Re5
34. Rd4 Kf8 35. h4 Ke7 36. Kg3 g5 37. h5 Ne8 38. Be2 Nc7 39. Bc4 Ne8 40. Kf3 Nd6
41. Bd3 Re6 42. Ke2 Ne8 43. Kd2 Rd6 44. Kc3 Nc7 45. Bc4 Rxd4 46. Kxd4 b6 47. f4
f6 48. Ke4 Ne8 49. Bd3 Nd6+ 50. Kd4 Ke6 51. Bh7 Nb5+ 52. Ke4 Nd6+ 53. Kd4 Ke7
54. Bd3 Ke6 55. Bh7 Nb5+ 1/2-1/2

[Event "Mondiale Lampo FIDE 2022"]
[Site "Alma Ata"]
[Date "30.12.2022"]
[Round "15.19"]
[White "Tsydypov, Zhamsaran"]
[Black "Kobalia, Mikhail"]
[Result "0-1"]
[WhiteTitle ""]
[BlackTitle ""]
[WhiteElo "2534"]
[BlackElo "2577"]
[WhiteFideId "4108566"]
[BlackFideId "4119150"]
[EventDate "29.12.2022"]

1. d4 d5 2. Nc3 Bf5 3. Bf4 c5 4. e3 cxd4 5. Nb5 Na6 6. Nxd4 Bd7 7. Ngf3 Nf6 8.
Ne5 e6 9. g4 h6 10. h4 Nb8 11. Rg1 Ne4 12. g5 hxg5 13. hxg5 g6 14. Qf3 Bb4+ 15.
c3 Nxc3 16. bxc3 Bxc3+ 17. Ke2 Bxa1 18. Nxf7 Qa5 19. Kd1 Ba4+ 20. Nb3 Bxb3+ 21.
axb3 Qc3 22. Bb5+ Nc6 23. Ke2 Qc2+ 24. Kf1 O-O 25. Nd6 Be5 26. Qh3 Bxf4 27.
Qxe6+ Kg7 28. Qd7+ Kg8 29. Rh1 Bh2 30. Qe6+ Kg7 31. Qd7+ Kg8 32. Rxh2 Qd1+ 33.
Kg2 Rxf2+ 34. Kxf2 Rf8+ 35. Kg2 Qf3+ 36. Kg1 Qxe3+ 37. Kh1 Qe1+ 38. Kg2 Rf2+ 39.
Kh3 Qe3+ 0-1

[Event "Mondiale Lampo FIDE 2022"]
[Site "Alma Ata"]
[Date "30.12.2022"]
[Round "15.20"]
[White "Sadhwani, Raunak"]
[Black "Vakhidov, Jakhongir"]
[Result "1-0"]
[WhiteTitle ""]
[BlackTitle ""]
[WhiteElo "2627"]
[BlackElo "2607"]
[WhiteFideId "35093487"]
[BlackFideId "14201801"]
[EventDate "29.12.2022"]

1. d4 Nf6 2. Bf4 c5 3. e3 Qb6 4. b3 cxd4 5. exd4 d5 6. c3 g6 7. Bd3 Bg7 8. h3
O-O 9. Nf3 Nc6 10. O-O Bf5 11. Bxf5 gxf5 12. Ne5 e6 13. Nd2 Rac8 14. Rc1 Rfe8
15. Nd3 Qd8 16. Bg5 h6 17. Bxf6 Qxf6 18. Nf3 b6 19. Nf4 Kh8 20. Qd2 Rg8 21. Rfd1
Bf8 22. c4 Ba3 23. Rc2 dxc4 24. Rxc4 Bd6 25. d5 Ne5 26. Nxe5 Bxe5 27. Rxc8 Rxc8
28. dxe6 fxe6 29. Qd7 Rg8 30. Nxe6 Qg6 31. Qd5 Qf6 32. Re1 Bb8 33. Qd4 Qxd4 34.
Nxd4 f4 35. Kf1 Rd8 36. Nc6 Rc8 37. Re6 a5 38. Nxb8 Rxb8 39. Rxh6+ Kg7 40. Rc6
Kf7 41. Ke2 Ke7 42. Kf3 Kd7 43. Rf6 Kc7 44. Rxf4 Rd8 45. h4 Rd2 46. h5 Rxa2 47.
h6 Rd2 48. g4 Rd1 49. g5 Rh1 50. Rg4 1-0

[Event "Mondiale Lampo FIDE 2022"]
[Site "Alma Ata"]
[Date "30.12.2022"]
[Round "15.21"]
[White "Sanal, Vahap"]
[Black "Niemann, Hans Moke"]
[Result "1-0"]
[WhiteTitle ""]
[BlackTitle ""]
[WhiteElo "2597"]
[BlackElo "2698"]
[WhiteFideId "6300545"]
[BlackFideId "2093596"]
[EventDate "29.12.2022"]

1. e4 c6 2. Nf3 d5 3. d3 g6 4. Qe2 Bg7 5. g3 dxe4 6. dxe4 b6 7. Bg2 Ba6 8. c4 e5
9. O-O Ne7 10. b4 O-O 11. Bb2 Nd7 12. Rd1 Qc7 13. Nc3 Rfd8 14. Rac1 Bb7 15. b5
cxb5 16. Nxb5 Qb8 17. Nd6 Nc5 18. Nxb7 Rxd1+ 19. Rxd1 Nxb7 20. Rd7 Nc6 21. Ba3
Nc5 22. Bxc5 bxc5 23. h4 h6 24. h5 g5 25. Qd3 Qe8 26. Qd5 Nd4 27. Nxd4 cxd4 28.
c5 g4 29. Bf1 Qe6 30. Qxa8+ 1-0

[Event "Mondiale Lampo FIDE 2022"]
[Site "Alma Ata"]
[Date "30.12.2022"]
[Round "15.22"]
[White "Vidit, Santosh Gujrathi"]
[Black "Pantsulaia, Levan"]
[Result "1-0"]
[WhiteTitle ""]
[BlackTitle ""]
[WhiteElo "2730"]
[BlackElo "2597"]
[WhiteFideId "5029465"]
[BlackFideId "13602071"]
[EventDate "29.12.2022"]

1. d4 c5 2. d5 g6 3. c4 Bg7 4. e4 d6 5. Nc3 Bxc3+ 6. bxc3 e5 7. dxe6 Bxe6 8. Bf4
Nc6 9. Nf3 Nf6 10. Qc2 Qe7 11. Bd3 h6 12. O-O-O g5 13. Bg3 Ng4 14. h4 O-O-O 15.
Be2 Nge5 16. Nxe5 Nxe5 17. Qa4 Kb8 18. Rd2 Bd7 19. Qc2 Bc6 20. f3 Kc7 21. Kb2
Qe6 22. Ka1 Rhg8 23. h5 b6 24. Rhd1 Rd7 25. Bh2 f6 26. Qc1 Qf7 27. Bg3 Rgd8 28.
Qc2 Bb7 29. f4 gxf4 30. Bxf4 Qg7 31. g3 Bc6 32. Rf1 Rh8 33. Bd3 Qf7 34. Be2 Qe6
35. Be3 Nf7 36. Rf4 Ng5 37. Bg4 Qe7 38. Bxd7 Bxd7 39. Rdf2 Rf8 40. Rf1 Bc6 41.
Qd3 Bxe4 42. Qe2 Bc6 43. Qd3 f5 44. Qd2 Ne4 45. Qe1 Qe6 46. g4 Qxc4 47. gxf5 Bd5
48. R1f2 Rg8 49. Bc1 Rg3 50. Rc2 Qd3 51. Qe2 Qxe2 52. Rxe2 Nxc3 53. Rc2 Nb5 54.
f6 Nd4 55. Rxd4 Bf7 56. Re4 1-0